000 00533nam a2200169Ia 4500
003 GCL
008 140319s9999 xx 000 0 ara d
040 _aGCL /
_cGCL
082 0 4 _a659
_bع ع
100 1 _aعبدالعزيز محمد النجار
245 1 0 _aالعلاقات العامة. مدخل بيئىء /
_cعبدالعزيز محمد النجار
260 _a[S.N] :
_bالمكتب العربى الحديث ،
_c1993
300 _a185 ص
490 _a
650 0 4 _aالعلاقات العامة
942 _2ddc
_cBK
999 _c46478
_d46478